白色的力量 : 改變成真柯文哲的城市進化論 . 2

資料類型: Book 圖書   書目號:48046

Leader xxxxxxxxxx
001 __ PCLIS00048046
005 __  20141119152140.0008
010 0_ |a978-986-342-239-6|b平裝|dNT$360
042 __ |anbic
100 __ |a20141119d2014    m  y0chiy09      e
101 0_ |achi
102 __ |atw
105 __ |aa   z   000yy
200 1_ |a白色的力量|h2|e改變成真柯文哲的城市進化論|f柯文哲著
205 __ |a
210 __ |a臺北市|c三采|d2014[民103]
215 0_ |a271面|c彩圖|d23公分
225 2_ |aFocus|v59
225 2_ |a白色的力量|v2
300 __ |a
410 _0 |12001 |aFocus|v59
410 _0 |12001 |a白色的力量|v2
517 1_ |a柯文哲的城市進化論|zchi
606 __ |a臺灣政治|2csh
606 __ |a文集
681 __ |a855|b8564
700 _1 |a|b文哲|4702 __ |a|b|4
801 _0 |atw|bNDHU|c20141104|gCCR
801 _1 |atw|b元智|c20141119|gCCR
詳細館藏(共 1 筆)
索 書 號登 錄 號冊次號館別 / 館藏地流通類型狀態加入預約清單電子資源
855 / 8564 2019747  圖書館 / 一樓普通區 可外借30天 在館   

| 條列資料




目錄查詢 分類查詢 個人資料 圖書薦購 新書查詢 閉館日 排行榜 更多電子資源 Hami書城 線上資料庫 登出

From : 216.73.216.116

  本日流通累計至 00:05:32 借閱 : 0 次 續借 : 0 次 歸還 : 0 次 預約 : 0 次 電子資源 : 0 次


內湖高中圖書館  PCLIS 版本  25.5.0.2